| 000 | 00491 a2200157 4500 | ||
|---|---|---|---|
| 999 |
_c10535 _d10535 |
||
| 020 | _a9781292002644 | ||
| 050 | _aKD 1269 BAI 2018 | ||
| 100 |
_aBainbridge, David I. _eauthor |
||
| 245 |
_aIntellectual property / _cDavid I. Bainbridge |
||
| 250 | _a10th ed. | ||
| 264 |
_aEngland : _bPearson, _c2010 |
||
| 300 | _alxiv, 1026p. : | ||
| 500 | _aIncludes bibliographical references and index | ||
| 650 |
_aIntellectual property-- _xGreat Britain |
||
| 942 |
_2lcc _cBK _e10th ed. _h1269 _iBAI _kKD |
||